| Поле | Инд. | ПП | Название | Значение |
|---|---|---|---|---|
| Тип записи | a | |||
| Библиографический уровень | m | |||
| 001 | Контрольный номер | eacd79c4944c49a6bd1cc3ef249949e5 | ||
| 005 | Дата корректировки | 20241219092651.4 | ||
| 020 | a | ISBN | 978-5-699-17169-Х | |
| 020 | a | ISBN | 978-5-04-003950-6 | |
| c | Цена, тираж | 50-00 | ||
| 040 | b | Код языка каталог. | rus | |
| e | Правила каталог. | PSBO | ||
| 041 | 0_ | a | Код языка текста | rus |
| 080 | a | Индекс УДК | 821.161.1 | |
| 084 | a | Индекс другой классификации/Индекс ББК | 84(2Рос=Рус)6 | |
| 090 | a | Полочн. индекс | 84(2Рос=Рус)6 | |
| c | Каталожный индекс | 84(2Рос=Рус)6 | ||
| x | Авторский знак | И48 | ||
| 097 | b | Оператор | 02 | |
| 100 | 1_ | a | Автор | Ильф И. |
| 245 | 10 | a | Заглавие | Антология Сатиры и Юмора России ХХ века |
| n | Номер части/ раздела | Т. 2 | ||
| 260 | c | Дата издания | 2007 | |
| a | Место издания | Москва | ||
| b | Издательство | Эксмо | ||
| 300 | a | Объем | 960 с. | |
| b | Иллюстрации/ тип воспроизводства | ил. | ||
| 336 | a | Термин вида содержания | Текст | |
| 337 | a | Термин типа средства | непосредственный | |
| 510 | 0_ | a | Примечание о ссылках | Книги и методические пособия |
| 650 | 04 | a | Основная рубрика | 17.82 Произведения художественной литературы |
| x | Основная подрубрика | 17.82.82 Сборники различных произведений | ||
| 653 | 0_ | a | Ключевые слова | романы; фельетоны; рассказы; сатира |
| 700 | 12 | a | Другие авторы | Петров Е. |
| 900 | a | Имя электронного ресурса | ОБЛОЖКА 222 - 0065 | |
| 901 | t | Тип документа | m | |
| 990 | j | Количество экземпляров (DOS) | 1 |